Equipos que se han clasificado al mundial 2026 (de momento) - Estadísticas

Estadísticas generales
  • Esta prueba ha sido intentada 64 veces
  • La puntuación promedio es 36 de 42
Estadísticas de respuestas
Continente País % Correcto
América del Norte Estados Unidos
100%
América del Norte México
100%
América del Norte Canadá
98%
Europa España
98%
Europa Francia
98%
América del Sur Argentina
96%
Oceanía Australia
96%
América del Sur Brasil
96%
Asia Japón
96%
Europa Noruega
96%
Europa Portugal
96%
América del Sur Uruguay
96%
Europa Alemania
94%
América del Sur Colombia
94%
América del Sur Ecuador
94%
América del Sur Paraguay
94%
Asia Corea del Sur
93%
Oceanía Nueva Zelanda
93%
Europa Inglaterra
91%
Europa Países Bajos
89%
África Marruecos
87%
África Senegal
87%
África Egipto
85%
África Ghana
83%
América del Norte Panamá
83%
África Sudáfrica
83%
Europa Austria
81%
Europa Bélgica
81%
Asia Irán
81%
Europa Suiza
81%
Asia Arabia Saudita
80%
África Cabo Verde
80%
África Costa de Marfil
78%
África Argelia
76%
Europa Croacia
76%
Asia Catar
70%
Europa Escocia
70%
América del Sur (país no reconocido) Curazao
69%
África Túnez
67%
Asia Uzbekistán
67%
América del Norte Haití
63%
Asia Jordania
63%
No se encontraron pruebas coincidentes
Distribución de puntuación
Porcentaje de gente con cada puntuación
Porcentaje por número respondido
Historial de tus puntuaciones
No has intentado esta prueba.